| 000 | 01177cam a22003491a 4500 | ||
|---|---|---|---|
| 001 | 016015238 | ||
| 003 | OSt | ||
| 005 | 20150326124816.0 | ||
| 008 | 120105t2012 cau b 001 0 eng | ||
| 010 | _a2011052645 | ||
| 020 | _a9781118138595 (hbk.) | ||
| 020 | _a1118138597 (hbk.) | ||
| 020 | _z9781118225431 (ebook) | ||
| 020 | _z9781118238837 (ebook) | ||
| 020 | _z9781118263525 (ebook) | ||
| 040 |
_aStDuBDS _beng _cStDuBDS _dUk _dEG-ScBUE |
||
| 082 | 0 | 0 |
_a338.04 _bSCH _222 |
| 100 | 1 |
_aSchwartz, Beverly, _d1949- _937497 |
|
| 245 | 1 | 0 |
_aRippling : _bhow social entrepreneurs spread innovation throughout the world / _cBeverly Schwartz ; foreword by Bill Drayton. |
| 260 |
_aSan Francisco : _bJossey-Bass, _cc.2012. |
||
| 300 |
_axviii, 269 p. ; _c24 cm. |
||
| 500 | _aIndex : p. 261-269. | ||
| 504 | _aIncludes bibliographical references. | ||
| 650 | 0 |
_aSocial entrepreneurship. _935712 |
|
| 650 | 0 |
_aSocial change. _921180 |
|
| 653 |
_bBUSADM _cMarch2015 |
||
| 655 |
_vreading book _934232 |
||
| 690 | 7 |
_aManagement and Business Studies _2blcoll |
|
| 700 | 1 |
_aDrayton, Bill. _937499 |
|
| 942 |
_2ddc _k338.04 SCH |
||
| 999 |
_c19108 _d19080 |
||